000 01971nam0a2200457 4500
001 RU\NLR\BIBL_A\011828141
005 20181029094803.0
010 _a978-5-91671-297-1
_bСерия "Alpina popular science"
010 _a978-5-00139-012-1
_95000
021 _aRU
_bКН-П-18-070324
_9КН-П-18-5053
035 _a(NLR Aleph) 011828141
035 _a(RuMoRGB)009753783
090 _a11996758
_c11996758
100 _a20181019d2018 u y0rusy50 ca
101 1 _arus
_ceng
102 _aRU
105 _aa|||z|||001zy
200 1 _aПаразит - царь природы
_eтайный мир самых опасных существ на Земле
_fКарл Циммер
_gперевод с английского [Натальи Лисовой]
205 _a5-е изд.
210 _aМосква
_cАльпина нон-фикшн
_d2018
215 _a475 с.
_cил.
_d17
225 1 _aКнижные проекты Дмитрия Зимина
225 1 _aAlpina popular science
300 _aЗагл. и авт. также на англ. яз.: Parasite rex / Carl Zimmer
300 _aНа 4-й с. обл. авт.: лауреат премии Эверетта Кларка К. Циммер
320 _aБиблиогр.: с. 425-454
320 _aДр. работы авт. на 4-й с. обл.
320 _aПредм.-имен. указ.: с. 457-475
333 _a12+
517 1 _6z22790
_aParasite rex
_zeng
606 1 _aПаразиты человека
_jПопулярные издания
_2nlr_sh1
_2nlr_sh2
_3RU\NLR\AUTH\66236731
606 1 _aПаразитология
_jПопулярные издания
_2nlr_sh1
_2nlr_sh2
_3RU\NLR\AUTH\66160958
686 1 _aР267я9
686 1 _aР264.97я9
700 1 _aЦиммер
_bК.
_f1966-
_gКарл
790 1 _6z22517
_aZimmer
_bC.
_f1966-
_gCarl
942 _cBOOK
980 _aNBR
980 _aNB